| 000 | 00458nam a2200181Ia 4500 | ||
|---|---|---|---|
| 003 | OSt | ||
| 005 | 20240611095615.0 | ||
| 008 | 210210b1960 xxu||||| |||| 00| 0 eng d | ||
| 040 | _cAL | ||
| 082 | _a378 DOUT | ||
| 100 |
_aDOUGLASS (Paul). _9169981 |
||
| 245 | _aTeaching for self-education: as a life goal | ||
| 260 |
_aNew York. _bHarper & Brothers., _c1960 |
||
| 300 | _a153 | ||
| 690 |
_aHigher Education _9169982 |
||
| 906 | _a041127 | ||
| 942 |
_2ddc _cBK |
||
| 999 |
_c90778 _d90778 |
||